[Event "Challenge"]
[Site "http://www.queenalice.com/game.php?id=89560"]
[Date "2006.7.25"]
[Round "-"]
[White "tania"]
[Black "Nottolo"]
[Result "0-1"]
[WhiteElo "1073"]
[BlackElo "1362"]

1. d4 d5 2. e3 f5 3. Bb5+ c6 4. Bd3 e6 5. Nf3 Qa5+ 6. c3 Be7 7. O-O Nh6 8. Nfd2
O-O 9. Nb3 Qc7 10. N3d2 Bd8 11. Nf3 Rf6 12. Ne5 c5 13. dxc5 Qxe5 14. Qa4 Bd7 15.
f4 Qc7 16. Qd1 Ng4 17. Qe1 Rh6 18. c4 Na6 19. Qc3 Rxh2 20. g3 dxc4 21. Qxc4 Qc6
22. Nc3 Qh1# 0-1

[Event "Challenge"]
[Site "http://www.queenalice.com/game.php?id=92354"]
[Date "2006.8.3"]
[Round "-"]
[White "magnov"]
[Black "Nottolo"]
[Result "1/2-1/2"]
[WhiteElo "1331"]
[BlackElo "1368"]

1. d4 d5 2. f4 f5 3. Nf3 e6 4. e3 Nf6 5. c4 Ne4 6. c5 c6 7. Nc3 b5 8. a4 b4 9.
Nxe4 fxe4 10. Ng5 Be7 11. g3 a5 12. Bh3 O-O 13. Bxe6+ Kh8 14. Nf7+ Rxf7 15. Bxf7
g6 16. b3 Qf8 17. Bxd5 cxd5 18. Qc2 Bd7 19. h4 Qf5 20. Qg2 Qg4 21. Ra2 Ra7 22.
Rf1 Na6 23. Qf2 h5 24. Rc2 Rc7 25. Qg2 Rc6 26. Qf2 Nc7 27. Qg2 Ne8 28. Rcf2 Ng7
29. Ra2 Nf5 30. Kf2 Bxh4 31. gxh4 Qxh4+ 32. Ke2 Ng3+ 33. Kf2 Nf5+ 34. Ke2 Bc8
35. Kd1 Ng3 36. Rh1 Nxh1 37. f5 Bxf5 38. Qg1 Bg4+ 39. Kc2 Rf6 40. Bd2 Ng3 41.
Be1 Rf3 42. Kb1 Qf6 43. Bxg3 Rxg3 44. Qxg3 Qf1+ 45. Kb2 Qe2+ 46. Kb1 Qd3+ 47.
Rc2 Kg8 48. Qd6 Bd1 49. Qxg6+ Kf8 50. Qd6+ Ke8 51. Qe5+ Kf8 52. Qd6+ Kf7 53.
Qxd5+ Kf6 54. Qc4 Bxc2+ 55. Qxc2 Ke6 56. d5+ Kxd5 57. c6 Qxc2+ 58. Kxc2 Kxc6 59.
Kd2 Kd6 60. Ke2 Ke5 61. Kf2 Kf5 62. Kg3 Kg5 63. Kh3 h4 64. Kh2 Kg4 65. Kg2 h3+
66. Kh2 Kh4 67. Kh1 Kg3 68. Kg1 h2+ 69. Kh1 Kh3 1/2-1/2

[Event "Challenge"]
[Site "http://www.queenalice.com/game.php?id=94476"]
[Date "2006.8.10"]
[Round "-"]
[White "Enrico"]
[Black "Nottolo"]
[Result "1-0"]
[WhiteElo "1819"]
[BlackElo "1352"]

1. e4 e5 2. Nf3 Bd6 3. d4 f6 4. dxe5 fxe5 5. Bc4 Nf6 6. Nc3 c6 7. Bg5 b5 8. Qxd6
bxc4 9. Nxe5 Qe7 10. Qxe7+ Kxe7 11. O-O-O h6 12. Bh4 g5 13. Bg3 h5 14. Ng6+ Kf7
15. Nxh8+ Kg7 16. e5 Ng4 17. e6 dxe6 18. Rd8 Na6 19. h3 h4 20. hxg4 hxg3 21. f3
e5 22. Re8 e4 23. Nxe4 Bb7 24. Re7+ Kg8 25. Rxb7 c5 26. Ng6 Rf8 27. Rh8# 1-0

[Event "Challenge"]
[Site "http://www.queenalice.com/game.php?id=101222"]
[Date "2006.8.31"]
[Round "-"]
[White "R_Mutt"]
[Black "Nottolo"]
[Result "1-0"]
[WhiteElo "1434"]
[BlackElo "1367"]

1. Nc3 e5 2. Nf3 d6 3. d4 Nd7 4. d5 Ngf6 5. e4 c6 6. b4 Qb6 7. dxc6 Qxc6 8. Nd5
Nxe4 9. Qd3 Ndf6 10. Nxf6+ gxf6 11. Be3 a6 12. Nd2 d5 13. Nxe4 dxe4 14. Qc4 Be6
15. Qxc6+ bxc6 16. a3 O-O-O 17. Bxa6+ Kc7 18. b5 Bc4 19. b6+ Kd6 20. Bxc4 c5 21.
Rd1+ Ke7 22. Bxc5+ Ke8 23. Bb5+ Rd7 24. Bxd7+ Kd8 25. Bb5+ Kc8 26. Ba6+ Kb8 27.
Rd8# 1-0

[Event "Challenge"]
[Site "http://www.queenalice.com/game.php?id=101597"]
[Date "2006.9.1"]
[Round "-"]
[White "tania"]
[Black "Nottolo"]
[Result "0-1"]
[WhiteElo "1035"]
[BlackElo "1367"]

1. Nf3 d5 2. Nd4 e5 3. Nb5 d4 4. e4 Nf6 5. N1a3 c6 6. b3 Nxe4 7. d3 Nc3 8. Nxc3
dxc3 9. Qf3 Bd6 10. Nc4 Qe7 11. Qf5 Bxf5 12. Na5 Bg4 13. b4 Bxb4 14. Nb3 e4 15.
Be3 O-O 16. h3 Qh4 17. Nd4 Bc5 18. Nb3 exd3 19. Bxd3 Bxe3 20. Rf1 Bh5 21. Na5
Re8 22. g3 Bh6+ 23. Be2 Qe4 24. Rb1 Qxe2# 0-1

[Event "Challenge"]
[Site "http://www.queenalice.com/game.php?id=103960"]
[Date "2006.9.8"]
[Round "-"]
[White "alecarbar"]
[Black "Nottolo"]
[Result "0-1"]
[WhiteElo "1299"]
[BlackElo "1392"]

1. e4 e5 2. Nf3 c5 3. Nxe5 f6 4. Nf3 Ne7 5. Bc4 a6 6. O-O b5 7. Bd5 Ra7 8. e5
Nxd5 9. exf6 Qxf6 10. Qe1+ Be7 11. d3 O-O 12. c4 bxc4 13. dxc4 Nb4 14. Na3 N8c6
15. Bg5 Qe6 16. Bxe7 Nxe7 17. Rd1 Qf6 18. Rb1 Ng6 19. Rd1 Rc7 20. Nb1 Nc2 21.
Qe2 Qxb2 22. Nbd2 Qxa2 23. h3 d6 24. Ne4 Re7 25. Rd2 Nf4 26. Qd1 Qxc4 27. Rxc2
Qxe4 28. Rc1 Ne2+ 29. Kh1 Qf4 30. Rc2 Rfe8 31. g3 Qxf3+ 0-1

[Event "AUTO-INT-194"]
[Site "http://www.queenalice.com/game.php?id=112505"]
[Date "2006.10.2"]
[Round "1"]
[White "marison"]
[Black "Nottolo"]
[Result "1-0"]
[WhiteElo "1655"]
[BlackElo "1398"]

1. e4 e5 2. Nf3 Bc5 3. Nxe5 Nf6 4. Nc3 O-O 5. d4 d6 6. Nxf7 Qe7 7. Bc4 d5 8.
Nxd5 Qxe4+ 9. Ne3 Re8 10. Ng5+ Be6 11. Nxe4 Nxe4 12. dxc5 Nxc5 13. Bxe6+ Rxe6
14. Qd5 Nba6 15. O-O c6 16. Qc4 b5 17. Qg4 Rg6 18. Qf3 Rf8 19. Qxc6 Rxc6 20. a3
Rg6 21. Nd5 Re6 22. Be3 Na4 23. Rab1 Rf5 24. Nf4 Re7 25. Rfd1 h6 26. Nd5 Re6 27.
Nb4 Nc7 28. Bxa7 Rg6 29. Bb8 Ne6 30. Rd3 Rf8 31. Bg3 Nac5 32. Rf3 Ne4 33. Rxf8+
Kxf8 34. Re1 Nd2 35. Re2 Nc4 36. b3 Nb2 37. Rd2 Rg4 38. c3 h5 39. Rxb2 Ng5 40.
Re2 h4 41. Bd6+ Kg8 42. Re3 h3 43. g3 Nf7 44. Re8+ Kh7 45. Bf4 g5 46. Be3 Nd6
47. Re7+ Kg8 48. a4 Nf5 49. Re5 Nd6 50. Rxg5+ Kf7 51. Rxg4 Ke6 52. Rg6+ Ke5 53.
Rh6 Nf5 54. Rh5 Ke4 55. axb5 Nd6 56. b6 Kf3 57. Rxh3 Ne4 58. Bd4 Ke2 59. b7 Nd2
60. b8=Q Nf3+ 61. Kg2 Ne1+ 62. Kh1 Nf3 63. Qe8+ Kf1 64. g4 Ng1 65. Qe3 Ne2 66.
f4 Nxf4 67. Qxf4+ Ke2 68. Qe4+ Kd2 69. Rd3+ Kc1 70. Na2+ Kb2 71. Rd2+ Kxb3 72.
Qb1+ Kc4 73. Qb4+ Kd5 74. Re2 Kc6 75. Re5 Kd7 76. Qe7+ Kc6 77. Qe6+ Kc7 78. Nb4
Kd8 79. Bb6# 1-0

[Event "AUTO-INT-194"]
[Site "http://www.queenalice.com/game.php?id=112506"]
[Date "2006.10.2"]
[Round "1"]
[White "Nottolo"]
[Black "marison"]
[Result "0-1"]
[WhiteElo "1364"]
[BlackElo "1664"]

1. e4 e5 2. Bc4 Nf6 3. Nf3 Nc6 4. Nc3 h6 5. Nh4 Nxe4 6. Qf3 Qxh4 7. Nxe4 f6 8.
g3 Nd4 9. Nd6+ Bxd6 10. Qd5 Qh5 11. O-O Nxc2 12. h4 Nxa1 13. g4 Qxg4+ 14. Kh2
e4+ 15. f4 Bxf4+ 16. Kh1 Qxh4+ 17. Kg2 Qg3+ 18. Kh1 Qh2# 0-1

[Event "AUTO-INT-194"]
[Site "http://www.queenalice.com/game.php?id=112517"]
[Date "2006.10.2"]
[Round "1"]
[White "Nottolo"]
[Black "jcbraga"]
[Result "0-1"]
[WhiteElo "1411"]
[BlackElo "1698"]

1. e4 e5 2. Bc4 Nf6 3. Qf3 d6 4. Nh3 Bxh3 5. gxh3 Be7 6. h4 Nbd7 7. Rg1 O-O 8.
Qg3 g6 9. d3 c6 10. Bd2 Nh5 11. Qg4 Nhf6 12. Qg5 Nxe4 13. Qh6 Nxd2 14. Nxd2 d5
15. Bb3 Bf6 16. Nf3 Bg7 17. Qe3 e4 18. dxe4 dxe4 19. Qxe4 Re8 20. Bxf7+ Kxf7 21.
Ng5+ Kg8 22. Ne6 Qe7 23. O-O-O Qf6 24. Rd6 Qxb2+ 25. Kd2 Bc3+ 26. Ke3 Qb6+ 27.
Kd3 Bb4 28. Rxg6+ Kh8 29. Rg7 Nf6 30. Qe5 Bxd6 31. Qxf6 Qb5+ 32. Kc3 Be5+ 33.
Nd4 Qa5+ 34. Kd3 Bxf6 35. Rd7 Bxd4 36. Rxd4 Rad8 37. c4 Qa3+ 0-1

[Event "AUTO-INT-194"]
[Site "http://www.queenalice.com/game.php?id=112518"]
[Date "2006.10.2"]
[Round "1"]
[White "jcbraga"]
[Black "Nottolo"]
[Result "0-1"]
[WhiteElo "1708"]
[BlackElo "1382"]

1. e4 e5 2. Nf3 Nf6 3. Nxe5 Nxe4 4. Qe2 Qh4 5. d3 d6 6. Nf3 Qf6 7. dxe4 Be7 8.
c3 O-O 9. g3 Bg4 10. Bg2 Nd7 11. O-O Ne5 12. Nbd2 a6 13. h3 Bh5 14. b3 c5 15.
Bb2 b5 16. c4 b4 17. Bxe5 dxe5 18. a3 a5 19. axb4 cxb4 20. Ra2 Bc5 21. Qe1 Rfd8
22. Qe2 a4 23. Rxa4 Qe7 24. Rxa8 Rxa8 25. g4 Bg6 26. Rc1 h5 27. Qd1 Bb6 28. Ra1
Ra3 29. Rxa3 bxa3 30. Qa1 Qb4 31. Qxe5 f6 32. gxh5 fxe5 33. hxg6 a2 34. Kh2 a1=Q
0-1

[Event "Challenge"]
[Site "http://www.queenalice.com/game.php?id=116406"]
[Date "2006.10.12"]
[Round "-"]
[White "mazzini"]
[Black "Nottolo"]
[Result "1-0"]
[WhiteElo "1090"]
[BlackElo "1398"]

1. e4 e5 2. Nf3 Nf6 3. Nc3 Ng4 4. Be2 Bc5 5. O-O Qf6 6. Nd5 Qg6 7. Nxc7+ Kd8 8.
Nxa8 Qh5 9. h3 Nf6 10. d3 d5 11. d4 exd4 12. Nxd4 Qe5 13. Nb5 a6 14. Nbc7 Bd6
15. f4 Bc5+ 16. Kh1 Qxe4 17. Bf3 Qf5 18. Bxd5 Qg6 19. Be4+ Nbd7 20. Bxg6 hxg6
21. f5 Ke7 22. Bg5 b5 23. Nd5+ Kf8 24. Bxf6 gxf6 25. Nxf6 Nxf6 26. fxg6 Nh5 27.
Rxf7+ Ke8 28. Nc7# 1-0

[Event "Let's Play Chess!"]
[Site "http://www.queenalice.com/game.php?id=127849"]
[Date "2006.11.10"]
[Round "-"]
[White "Nottolo"]
[Black "marcosbratz"]
[Result "0-1"]
[WhiteElo "1405"]
[BlackElo "1471"]

1. e4 e5 2. Nf3 Nc6 3. Ng5 Qxg5 4. d4 Qf6 5. d5 Nd4 6. c3 Bc5 7. Be3 Ne7 8. Qh5
Nc2+ 9. Kd1 Bxe3 10. Kxc2 Qxf2+ 11. Kb3 Qf4 12. g3 Qxe4 13. Be2 Qxh1 14. Bc4 d6
15. h4 g6 16. Qe2 Bc5 17. Qf1 Qxf1 18. Bxf1 Nxd5 19. Bb5+ c6 20. Ba4 b5 21. c4
bxa4+ 22. Kxa4 Nb6+ 23. Kb3 Be6 24. Nd2 d5 25. cxd5 Bxd5+ 26. Kc3 Na4+ 27. Kc2
Rb8 28. b3 Nb6 29. a4 a5 30. Re1 f6 31. g4 O-O 32. Rg1 Nxa4 33. Rb1 Nc3 34. Kxc3
Rb4 35. Ra1 Bd4+ 36. Kc2 Rfb8 37. Ra3 Bxb3+ 38. Kd3 Bd1 39. Nc4 Rb3+ 40. Rxb3
Rxb3+ 41. Kd2 Rb4 42. Nd6 Bxg4 43. Ne4 f5 44. Nf6+ Kg7 45. Ne8+ Kh6 46. Nd6 Bf2
47. Nf7+ Kh5 48. Nxe5 Kxh4 49. Nxc6 Rb6 50. Nxa5 Rd6+ 51. Kc3 Bd4+ 52. Kd2 Bb6+
53. Kc3 Bxa5+ 54. Kc4 Bf3 55. Kc5 Bc7 56. Kc4 Be2+ 57. Kc5 f4 58. Kb4 Rd4+ 59.
Kc3 Rd3+ 60. Kc4 f3 61. Kc5 f2 62. Kc6 f1=Q 63. Kxc7 Qc1+ 64. Kb6 Rb3+ 65. Ka5
Qa1# 0-1

[Event "Let's Play Chess!"]
[Site "http://www.queenalice.com/game.php?id=127850"]
[Date "2006.11.10"]
[Round "-"]
[White "marcosbratz"]
[Black "Nottolo"]
[Result "0-1"]
[WhiteElo "1533"]
[BlackElo "1396"]

1. e4 e5 2. Nf3 Nf6 3. Nxe5 Nxe4 4. Qe2 d5 5. Qf3 Qd6 6. d4 f6 7. Nd3 Nc6 8. c3
Na5 9. b4 Nc4 10. Be2 Ng5 11. O-O Nxf3+ 12. Bxf3 Bf5 13. Re1+ Be7 14. Bf4 Qc6
15. Re2 Bxd3 16. Re1 O-O-O 17. Rxe7 Rd7 18. Bg4 Kb8 19. Bxd7 Qa6 20. Be8 Nd6 21.
Rd7 Rxe8 22. Nd2 Bf5 23. Rxg7 Qe2 24. Nf1 a6 25. a3 Qb2 26. Re1 Rxe1 27. h3 Qxc3
28. Rg8+ Ka7 29. Rg7 Qd3 30. Bd2 Qxf1+ 31. Kh2 Qh1+ 32. Kg3 Ne4+ 33. Kf4 Qh2+
34. Kxf5 Nxd2 35. Kxf6 Qf4# 0-1

[Event "Challenge"]
[Site "http://www.queenalice.com/game.php?id=134327"]
[Date "2006.11.28"]
[Round "-"]
[White "Nottolo"]
[Black "TomBishop"]
[Result "0-1"]
[WhiteElo "1417"]
[BlackElo "1514"]

1. d4 d5 2. Nf3 Nf6 3. Ne5 Nc6 4. e3 Nd7 5. Qh5 Ncxe5 6. dxe5 g6 7. Qg5 Bg7 8.
e6 fxe6 9. Bd3 e5 10. O-O e4 11. Bb5 c6 12. Ba4 Bf6 13. Qh6 Ne5 14. f4 Nf7 0-1

[Event "Rio de Janerio's open"]
[Site "http://www.queenalice.com/game.php?id=181990"]
[Date "2007.3.14"]
[Round "-"]
[White "FKafka"]
[Black "Nottolo"]
[Result "1-0"]
[WhiteElo "1261"]
[BlackElo "1404"]

1. g3 e5 2. Bg2 Nf6 3. Nf3 Bd6 4. b3 Ng4 5. O-O e4 6. Bb2 O-O 7. Nd4 Re8 8. f3
c5 9. Nf5 Be5 10. c3 Nh6 11. Nxg7 Kxg7 12. f4 Bf6 13. Ba3 d6 14. b4 c4 15. d3
cxd3 16. exd3 exd3 17. Qxd3 Qb6+ 18. Kh1 Bf5 19. Qd1 Ng4 20. h3 Ne3 21. Qf3 Nc2
22. g4 Be6 23. f5 Bc4 24. Nd2 Nxa3 25. Rfe1 Rc8 26. Bf1 d5 27. Qf4 1-0

[Event "Challenge"]
[Site "http://www.queenalice.com/game.php?id=198385"]
[Date "2007.4.17"]
[Round "-"]
[White "AndreaM"]
[Black "Nottolo"]
[Result "1-0"]
[WhiteElo "1638"]
[BlackElo "1386"]

1. e4 e5 2. Nf3 Nf6 3. Nc3 Bc5 4. Bc4 O-O 5. O-O Nc6 6. d3 d6 7. h3 h6 8. a3 b5
9. Bxb5 Nd4 10. Nxd4 Bxd4 11. Bd2 a6 12. Bc4 Rb8 13. Kh1 Rxb2 14. f4 Qe7 15. f5
h5 16. Qc1 Rb6 17. Rb1 h4 18. Rxb6 cxb6 19. Rf3 Nh5 20. Be1 Qf6 21. Nd5 Qh6 22.
Ne7+ Kh7 23. Qxh6+ Kxh6 24. Bxh4 g5 25. fxg6 f6 26. Ng8+ Kxg6 27. Ne7+ Kh7 28.
g4 Nf4 29. Nf5 b5 30. Bb3 Bd7 31. Nxd4 1-0

[Event "NOTTOLO   x    BARTATACA"]
[Site "http://www.queenalice.com/game.php?id=215536"]
[Date "2007.5.24"]
[Round "-"]
[White "bartataca"]
[Black "Nottolo"]
[Result "1-0"]
[WhiteElo "1308"]
[BlackElo "1406"]

1. e4 e5 2. Nc3 Bc5 3. Nf3 Qf6 4. d3 Ne7 5. Bg5 Qd6 6. Qe2 Ng6 7. Nh4 h6 8. Nf5
Qf8 9. Bd2 Ne7 10. Nd5 Nxd5 11. exd5 d6 12. Qg4 h5 13. Nxg7+ Kd8 14. Qh4+ Qe7
15. Bg5 Bb4+ 16. c3 f6 17. Bxf6 Qxf6 18. Qxf6+ Kd7 19. Nf5 Rg8 20. Qe7# 1-0